| 000 | 01316nam a2200325 a 4500 | ||
|---|---|---|---|
| 001 | brilliantadvice00laws | ||
| 003 | CaSfIA | ||
| 005 | 20210117221754.0 | ||
| 007 | cr|||| | ||
| 008 | 930203r19901988enka 000 0 eng | ||
| 040 |
_aUKM _cUKM _dCaSfIA |
||
| 015 | _aGB92-21095 | ||
| 020 |
_a0947792139 (pbk) : _c£2.95 |
||
| 020 | _a9780947792138 (pbk) | ||
| 035 | _a(OCoLC)27687044 | ||
| 082 | 0 | 4 |
_a741.5942 _220 |
| 100 | 1 | _aLawson, Annie. | |
| 245 | 1 | 0 |
_aBrilliant advice / _h[electronic resource] _cby Annie Lawson. |
| 260 |
_aLondon : _bBellew, _c1988 _g(1990 [printing]) |
||
| 300 |
_a1 v. : _bill. ; _c20 cm. |
||
| 500 | _aOriginally published: 1988. | ||
| 653 | 0 | _aHumorous cartoons | |
| 653 | 0 | _aEngland | |
| 029 | 0 |
_aUKM _bb9221095 |
|
| 856 | 4 | 1 |
_uhttp://www.archive.org/details/brilliantadvice00laws _zFree eBook from the Internet Archive |
| 856 | 4 | 2 |
_uhttp://www.openlibrary.org/books/OL24382916M _zAdditional information and access via Open Library |
| 942 | _cEB | ||
| 506 | _fНеобхідна авторизація на https://archive.org/ (створення облікового запису безкоштовно) | ||
| 506 | _fНеобхідна авторизація на https://openlibrary.org/ (створення облікового запису безкоштовно) | ||
| 999 |
_c476656 _d476656 |
||